000 00600nam a22002177a 4500
003 UA-OsUOA
001 63136
007 ta
008 20090917b un ||||| |||| 00| 0 ukr d
100 _aЛобозинська С.
090 _a330(477)
_bЛ68
942 _cSA
040 _aUA-OsUOA
_bukr
_cUA-OsUOA
_dUA-OsUOA
245 _aОцінка конкурентоспроможності банківської системи України
300 _aС.38-44
955 _a0
041 _aukr
080 _a330(477)
773 0 _w63133
650 7 _a330 Економіка взагалі
_2UDC
999 _c349228
_d349228